| 000 | 00700nam a2200217 a 4500 | ||
|---|---|---|---|
| 003 | DO-SdBNP | ||
| 005 | 20230301082344.0 | ||
| 007 | ta | ||
| 008 | 220726e2005 dr aob|frt||| 00| 0 spa d | ||
| 040 |
_aDO-SdBNP _bspa _cBNPHU |
||
| 082 | 4 |
_222 _bF288m |
|
| 110 | 1 |
_aFe y Alegría República Dominicana _980848 |
|
| 245 | 1 | 0 |
_aMemoria 2005. / _cFotografía, Fernando Calzada. |
| 260 |
_aSanto Domingo : _bFe y Alegría, _c[2005] |
||
| 300 |
_a73 p. : _bil., fotogr., gráf., mapas ; _c28 cm. |
||
| 590 | _aInventariado 2022 / MF | ||
| 650 | 4 |
_977627 _aFe y Alegría (República Dominicana) _vMemorias e informes |
|
| 700 | 1 |
_969597 _aCalzada, Fernanda _efotogr. |
|
| 910 | _aMFeliz | ||
| 942 |
_2ddc _cLBS1 |
||
| 999 |
_c52228 _d52228 |
||